Maria Lluïsa Güell, pintora = Maria Lluïsa Güell, pintora = Maria Lluïsa Güell, painter / Maria Lluïsa Güell, pintora = Maria Lluïsa Güell, painter /
ISBN:
9788498037760
Descripción Física:
90 pàgines : il·lustracions en color ; 20 cm
Colección:
Palau Güell a fons
; 4
Otros Autores:
Campuzano Ruiz, Enrique
,
Güell i López, Maria Lluïsa, 1873-1933
,
Güell i López, Maria Lluïsa, 1873-1933
Materias:
Güell i López, Maria Lluïsa, -- 1873-1933
; Güell i López, Maria Lluïsa, -- 1873-1933 -- Exposicions. -- Exposicions
; Pintura moderna -- S. XX -- S. XX -- Exposicions
Idioma:
Catalán , Español , English
MARC
| LEADER | 00000cam a2200000 i 4500 | ||
|---|---|---|---|
| 001 | 25886 | ||
| 005 | 20260324181122.0 | ||
| 008 | 170525e201703 spcao o000 0 cat| | ||
| 017 | |a DL B 4145-2017 |b Biblioteca de Catalunya | ||
| 020 | |a 9788498037760 | ||
| 041 | 1 | |a cat |a spa |a eng | |
| 080 | |a Bib-646 | ||
| 100 | |a Güell i López, Maria Lluïsa, |d 1873-1933 |e autor |9 53390 | ||
| 245 | 0 | 0 | |a Maria Lluïsa Güell, pintora = |b Maria Lluïsa Güell, pintora = Maria Lluïsa Güell, painter / |c textos: Direcció del Palau Güell, Enrique Campuzano, Carmen Güell Malet, Yayoi Kawamura, Maria Sanhuesa Fonseca |
| 246 | 3 | 1 | |a Maria Lluïsa Güell, painter |
| 250 | |a Primera edició | ||
| 260 | |a Barcelona : |b Diputació de Barcelona, |c març de 2017 | ||
| 264 | 1 | |a Barcelona : |b Diputació de Barcelona, |c març de 2017 | |
| 300 | |a 90 pàgines : |b il·lustracions en color ; |c 20 cm | ||
| 336 | |a text |b txt |2 rdacontent | ||
| 337 | |a sense mediació |b n |2 rdamedia | ||
| 338 | |a volum |b nc |2 rdacarrier | ||
| 490 | 1 | |a El Palau Güell a fons ; |v 4 | |
| 500 | |a Catàleg de l'exposició del mateix nom | ||
| 504 | |a Referències bibliogràfiques | ||
| 546 | |a Text en català, castellà i anglès | ||
| 600 | 0 | |a Güell i López, Maria Lluïsa, |d 1873-1933 |9 53390 | |
| 600 | 0 | |a Güell i López, Maria Lluïsa, |d 1873-1933 |x Exposicions. |2 lemac |v Exposicions | |
| 650 | 0 | |a Pintura moderna |y S. XX |x S. XX |x Exposicions |2 Arxiu | |
| 700 | |a Campuzano Ruiz, Enrique |e escriptor d'un text addicional |9 53392 | ||
| 700 | 2 | |a Güell i López, Maria Lluïsa, |d 1873-1933 |t Pintures. |k Seleccions | |
| 700 | 2 | |a Güell i López, Maria Lluïsa, |d 1873-1933 |t Pintures. |k Seleccions. |l Castellà | |
| 710 | 2 | |a Palau Güell (Barcelona) |9 17034 | |
| 830 | 0 | |a Palau Güell a fons ; |v 4 | |
| 908 | |a BC |a ICD |a COAC |a MNAC |a MS |a BMON | ||
| 940 | |a BC | ||
| 942 | |2 udc |c ARXIU |n 1 | ||
| 952 | |0 0 |1 0 |4 0 |6 BIB646 |7 1 |9 62345 |a Arxiu |b Arxiu |d 2022-06-13 |l 0 |o Bib-646 |p 25886 |r 2022-06-13 00:00:00 |w 2022-06-13 |y ARXIU | ||
| 999 | |c 81999 |d 81999 | ||